[Event "IECG CN.2000.0.00197"]
[Site "IECG email"]
[Date "2000.05.20"]
[Round "?"]
[White "Rubin, Steven"]
[Black "Muhlenbruch Guimaraes, Herley"]
[Result "0-1"]
[WhiteElo "627"]
[BlackElo "984"]
[PlyCount "42"]
[EventDate "2000.05.20"]
[EventType "tourn (corr)"]
[EventRounds "6"]
[SourceTitle "Corr 2008"]
[Source "ChessBase"]
[SourceDate "2008.06.24"]
[SourceVersion "1"]
[SourceVersionDate "2008.06.24"]
[SourceQuality "1"]

1. d4 d5 2. b3 Nf6 3. Ba3 Bf5 4. e3 e6 5. Bxf8 Rxf8 6. Nf3 Nbd7 7. Bd3 Ne4 8. Nfd2 Nxd2 9. Qxd2 Bxd3 10. Qxd3 Qg5 11. g3 Qg6 12. Qe2 0-0-0 13. c4 e5 14. 0-0 exd4 15. exd4 Rfe8 16. Qd2 dxc4 17. bxc4 Ne5 18. Qc3 Rxd4 19. f4 Rd3 20. f5 Qc6 21. Qc2 Nf3+ 0-1

[Event "IECG CP.1999.P.00033"]
[Site "IECG email"]
[Date "1999.10.01"]
[Round "?"]
[White "Muhlenbruch Guimaraes, Herley"]
[Black "Horbach, Frank"]
[Result "0-1"]
[WhiteElo "967"]
[BlackElo "1621"]
[PlyCount "66"]
[EventDate "1999.10.01"]
[EventType "tourn (corr)"]
[EventRounds "6"]
[EventCountry "GER"]
[SourceTitle "Corr 2008"]
[Source "ChessBase"]
[SourceDate "2008.06.24"]
[SourceVersion "1"]
[SourceVersionDate "2008.06.24"]
[SourceQuality "1"]

1. e4 e5 2. Nf3 Nf6 3. Nxe5 d6 4. Nxf7 Kxf7 5. d4 Qe8 6. Nc3 c6 7. Bd3 Nbd7 8. 0-0 Nb6 9. a4 a5 10. Bg5 Be7 11. e5 dxe5 12. dxe5 Nfd5 13. Qf3+ Kg8 14. Nxd5 Nxd5 15. Bxe7 Qxe7 16. c4 Nb4 17. Be4 Be6 18. Qc3 Re8 19. Rfd1 Qc5 20. b3 g6 21. Re1 Kg7 22. Qb2 Rhf8 23. Rad1 Bg4 24. Bf3 Bxf3 25. gxf3 Rxf3 26. Rd7+ Kg8 27. e6 Qg5+ 28. Kh1 Qf6 29. Qxf6 Rxf6 30. e7 Rf3 31. Re2 b6 32. c5 bxc5 33. Re5 Nd5 0-1

[Event "IECG CP.1999.P.00033"]
[Site "IECG email"]
[Date "1999.10.01"]
[Round "?"]
[White "Pilich, Lee"]
[Black "Muhlenbruch Guimaraes, Herley"]
[Result "0-1"]
[WhiteElo "800"]
[BlackElo "967"]
[PlyCount "42"]
[EventDate "1999.10.01"]
[EventType "tourn (corr)"]
[EventRounds "6"]
[EventCountry "GER"]
[SourceTitle "Corr 2008"]
[Source "ChessBase"]
[SourceDate "2008.06.24"]
[SourceVersion "1"]
[SourceVersionDate "2008.06.24"]
[SourceQuality "1"]

1. e4 c5 2. c3 e6 3. d4 d5 4. exd5 exd5 5. Nf3 Nc6 6. Bb5 Bd6 7. 0-0 Nge7 8. dxc5 Bxc5 9. Nbd2 0-0 10. Nb3 Bd6 11. Nbd4 Bg4 12. Qa4 Qd7 13. h3 Be6 14. Re1 a6 15. Bd3 Nxd4 16. Qxd4 Rfe8 17. Be3 Nf5 18. Bxf5 Bxf5 19. Rad1 Rad8 20. Bg5 Rxe1+ 21. Rxe1 f6 0-1

[Event "SEMI ECT 3-C corr"]
[Site "SEMI email"]
[Date "1999.??.??"]
[Round "?"]
[White "Feeney, Liam"]
[Black "Muhlenbruch Guimaraes, Herley"]
[Result "0-1"]
[WhiteElo "1500"]
[BlackElo "1517"]
[PlyCount "50"]
[EventDate "1999.??.??"]
[EventType "tourn (corr)"]
[EventRounds "10"]
[EventCountry "ITA"]
[SourceTitle "Corr 2008"]
[Source "ChessBase"]
[SourceDate "2008.06.24"]
[SourceVersion "1"]
[SourceVersionDate "2008.06.24"]
[SourceQuality "1"]

1. e4 c6 2. Qf3 d5 3. e5 e6 4. d4 c5 5. c4 Nc6 6. Na3 Nxd4 7. Qf4 Ne7 8. Be3 Ng6 9. Qg3 Nf5 10. 0-0-0 Nxg3 11. hxg3 Nxe5 12. f4 Ng4 13. Re1 Nxe3 14. Rxe3 d4 15. Re5 Bd6 16. Reh5 h6 17. Nb5 a6 18. Nf3 axb5 19. cxb5 Rxa2 20. Kb1 Qa5 21. Ng5 Ra1+ 22. Kc2 Qa4+ 23. b3 Qa2+ 24. Kd3 Qxb3+ 25. Ke4 Qe3# 0-1

[Event "SEMI ECT 3-C corr"]
[Site "SEMI email"]
[Date "1999.??.??"]
[Round "?"]
[White "Muhlenbruch Guimaraes, Herley"]
[Black "Bradbrooke, Wally"]
[Result "0-1"]
[WhiteElo "1517"]
[BlackElo "1000"]
[PlyCount "68"]
[EventDate "1999.??.??"]
[EventType "tourn (corr)"]
[EventRounds "10"]
[EventCountry "ITA"]
[SourceTitle "Corr 2008"]
[Source "ChessBase"]
[SourceDate "2008.06.24"]
[SourceVersion "1"]
[SourceVersionDate "2008.06.24"]
[SourceQuality "1"]

1. c4 e5 2. Nc3 Nf6 3. Nf3 Nc6 4. d4 Bb4 5. Nxe5 Nxe5 6. dxe5 Ne4 7. Bd2 Nxd2 8. Qxd2 0-0 9. a3 Bxc3 10. Qxc3 Re8 11. e3 Qe7 12. b4 a5 13. b5 Qxe5 14. Qxe5 Rxe5 15. Bd3 b6 16. 0-0 Bb7 17. Rad1 d6 18. Rfe1 Rae8 19. Bc2 f5 20. Bb3 Kf8 21. Rd3 f4 22. g3 g5 23. gxf4 gxf4 24. Kf1 Rh5 25. exf4 Bg2+ 26. Kxg2 Rxe1 27. a4 Re4 28. Kg3 Re7 29. h4 Rg7+ 30. Kh3 Rf5 31. Rd4 Rff7 32. Re4 Rg1 33. Kh2 Rfg7 34. Re3 R7g2+ 0-1